[Event "Collado Villalba 2015 Torneo B"]
[Site "Collado Villalba (ESP)"]
[Date "2015.08.22"]
[Round "1.1"]
[White "Fernandez Martinez, Luis"]
[Black "Suarez Prieto, Leopoldo"]
[Result "1/2-1/2"]
[WhiteElo "1944"]
[BlackElo "1646"]
[PlyCount "103"]
[EventDate "2015.08.22"]
[EventType "swiss"]
[EventRounds "9"]
[EventCountry "ESP"]
[Source "lmi"]
[SourceDate "2015.08.22"]

1. e4 e5 2. Nc3 a6 3. a3 Bc5 4. Bc4 b5 5. Bd5 c6 6. Ba2 d6 7. d3 Nd7 8. Qf3 Qf6
9. Bd2 Ne7 10. Nce2 Nf8 11. Ng3 Qxf3 12. Nxf3 Be6 13. Nh5 Rg8 14. Ng5 Bxa2 15.
Rxa2 f6 16. Nf3 Kf7 17. Ng3 Ne6 18. b4 Bb6 19. O-O g6 20. Kh1 h5 21. Nh4 Rh8
22. c3 Rag8 23. a4 g5 24. Nhf5 Nxf5 25. Nxf5 Bc7 26. g3 h4 27. gxh4 Rxh4 28.
Nxh4 gxh4 29. axb5 axb5 30. Ra7 h3 31. d4 Rc8 32. Rg1 exd4 33. cxd4 Nxd4 34.
Rg3 Ke6 35. Rxh3 Ke5 36. f3 Ne2 37. Be3 d5 38. Rh5+ Ke6 39. exd5+ cxd5 40. Ra6+
Kf7 41. Rh7+ Kg8 42. Rh5 d4 43. Bd2 Be5 44. f4 Bxf4 45. Bxf4 Nxf4 46. Rc5 Re8
47. Ra1 d3 48. Rd1 Re2 49. Rf5 Nh3 50. Rff1 Nf2+ 51. Rxf2 Rxf2 52. Rxd3 1/2-1/2

[Event "Collado Villalba 2015 Torneo B"]
[Site "Collado Villalba (ESP)"]
[Date "2015.08.22"]
[Round "1.2"]
[White "Melcon Diez, Enrique"]
[Black "Greciano Reiskila, Miguel C"]
[Result "1/2-1/2"]
[WhiteElo "1639"]
[BlackElo "1925"]
[PlyCount "73"]
[EventDate "2015.08.22"]
[EventType "swiss"]
[EventRounds "9"]
[EventCountry "ESP"]
[Source "lmi"]
[SourceDate "2015.08.22"]

1. c4 e5 2. Nc3 Nf6 3. Nf3 Nc6 4. e3 Bb4 5. Qc2 d6 6. a3 Bxc3 7. bxc3 e4 8. Nd4
Ne5 9. h3 O-O 10. Be2 c5 11. Nb3 Be6 12. d4 exd3 13. Bxd3 Nxc4 14. O-O Ne5 15.
Be2 Qc7 16. c4 b6 17. Bb2 d5 18. cxd5 Bxd5 19. Rfd1 Rad8 20. Nd4 Be4 21. Qc1
Qb7 22. Nb5 Nd3 23. Bxd3 Rxd3 24. Rxd3 Bxd3 25. Bxf6 Bxb5 26. Bxg7 Kxg7 27.
Qb2+ f6 28. Qxb5 Rd8 29. Rc1 Rd2 30. Rxc5 Rd1+ 31. Kh2 Qb8+ 32. g3 Qb7 33. Qc6
Qe7 34. Rd5 Rxd5 35. Qxd5 Qxa3 36. Qd7+ Kh6 37. Qd4 1/2-1/2

[Event "Collado Villalba 2015 Torneo B"]
[Site "Collado Villalba (ESP)"]
[Date "2015.08.22"]
[Round "1.3"]
[White "Fernandez Garcia, Ignacio"]
[Black "Algaba Traspuesto, Jose Antoni"]
[Result "1-0"]
[WhiteElo "1870"]
[BlackElo "1611"]
[PlyCount "57"]
[EventDate "2015.08.22"]
[EventType "swiss"]
[EventRounds "9"]
[EventCountry "ESP"]
[Source "lmi"]
[SourceDate "2015.08.22"]

1. e4 e6 2. d4 d5 3. e5 c5 4. c3 Qb6 5. Nf3 Bd7 6. Bd3 cxd4 7. cxd4 Bb5 8. Nc3
Bxd3 9. Qxd3 Bb4 10. O-O Bxc3 11. bxc3 Qa6 12. Qe3 Ne7 13. a4 h6 14. Ba3 Nbc6
15. g4 Rc8 16. a5 Nxa5 17. Nd2 Nc4 18. Nxc4 Qxc4 19. Bxe7 Kxe7 20. Rxa7 Qb3 21.
Rfa1 Rc7 22. g5 h5 23. g6 f6 24. Qg3 Rd7 25. exf6+ gxf6 26. g7 Rg8 27. Ra8 Rdd8
28. Rxd8 Qb2 29. Qc7# 1-0

[Event "Collado Villalba 2015 Torneo B"]
[Site "Collado Villalba (ESP)"]
[Date "2015.08.22"]
[Round "1.4"]
[White "Elguezabal Selioutin, Dario"]
[Black "Tarrio Ocana, Jose Manuel"]
[Result "0-1"]
[WhiteElo "1610"]
[BlackElo "1852"]
[PlyCount "60"]
[EventDate "2015.08.22"]
[EventType "swiss"]
[EventRounds "9"]
[EventCountry "ESP"]
[Source "lmi"]
[SourceDate "2015.08.22"]

1. d4 d5 2. Nf3 Nf6 3. c4 c6 4. e3 e6 5. Nc3 a6 6. Bd3 dxc4 7. Bxc4 b5 8. Bd3
Bb7 9. Qe2 Nbd7 10. e4 Be7 11. O-O c5 12. e5 Nd5 13. Rd1 Qc7 14. Nxd5 Bxd5 15.
Be3 c4 16. Bc2 Qb7 17. Ne1 Be4 18. Qg4 Bxc2 19. Nxc2 g6 20. d5 Nxe5 21. Qd4 Bf6
22. Qf4 Bg7 23. dxe6 O-O 24. Bc5 Nd3 25. Rxd3 cxd3 26. Bxf8 Rxf8 27. e7 Qxe7
28. Nb4 Qe2 29. Qd6 d2 30. Nc2 Rc8 0-1

[Event "Collado Villalba 2015 Torneo B"]
[Site "Collado Villalba (ESP)"]
[Date "2015.08.22"]
[Round "1.5"]
[White "Medrano Del Val, Julio"]
[Black "Picazo Sancho, Alvaro"]
[Result "0-1"]
[WhiteElo "1825"]
[BlackElo "1610"]
[PlyCount "108"]
[EventDate "2015.08.22"]
[EventType "swiss"]
[EventRounds "9"]
[EventCountry "ESP"]
[Source "lmi"]
[SourceDate "2015.08.22"]

1. d4 Nf6 2. c4 g6 3. Nf3 Bg7 4. g3 O-O 5. Bg2 d6 6. O-O Nbd7 7. Nc3 e5 8. dxe5
dxe5 9. Qc2 c6 10. Rd1 Qe7 11. h3 Ne8 12. Bg5 f6 13. Bd2 f5 14. Qc1 Nef6 15.
Bg5 Qf7 16. b3 Ne4 17. Bd2 Nxd2 18. Qxd2 Nc5 19. Qe1 e4 20. Nd4 Qf6 21. b4 Nd3
22. exd3 Qxd4 23. Ne2 Qe5 24. Rab1 exd3 25. Rxd3 g5 26. b5 Qf6 27. bxc6 bxc6
28. Qd2 a6 29. Rd6 Qe7 30. Bxc6 Ra7 31. Rd3 f4 32. Bg2 Bf5 33. Rbb3 Bxd3 34.
Rxd3 fxg3 35. Rxg3 h6 36. Nd4 Bxd4 37. Qxd4 Qg7 38. Qxg7+ Kxg7 39. c5 Rc7 40.
c6 Rb8 41. h4 Kf6 42. hxg5+ hxg5 43. Rd3 Rb2 44. a3 Rc2 45. Rd6+ Ke5 46. Rd7
Rxd7 47. cxd7 Rd2 48. Bh3 Kf6 49. a4 Ke7 50. Kg2 Rd4 51. a5 g4 52. Kg3 gxh3 53.
Kxh3 Rxd7 54. Kg4 Kf6 0-1

[Event "Collado Villalba 2015 Torneo B"]
[Site "Collado Villalba (ESP)"]
[Date "2015.08.22"]
[Round "1.6"]
[White "Benito Alba, Eladio"]
[Black "Andrade Sandoval, Jim Carlos"]
[Result "0-1"]
[WhiteElo "1598"]
[BlackElo "1824"]
[PlyCount "83"]
[EventDate "2015.08.22"]
[EventType "swiss"]
[EventRounds "9"]
[EventCountry "ESP"]
[Source "lmi"]
[SourceDate "2015.08.22"]

1. d4 Nf6 2. c4 e6 3. Nc3 c5 4. Nf3 cxd4 5. Nxd4 a6 6. Bg5 Be7 7. e4 d6 8. Be2
O-O 9. O-O Nbd7 10. Bf3 Ne5 11. Be2 Re8 12. f4 Ned7 13. Qd2 h6 14. Bh4 Qb6 15.
Bf2 Nc5 16. Bf3 Qc7 17. b4 Ncd7 18. Rac1 Rb8 19. Rfe1 b6 20. Qe2 Bb7 21. a3 Nh7
22. Bg3 Rbc8 23. Na2 Ndf8 24. e5 dxe5 25. fxe5 Bg5 26. Rc2 Ng6 27. Bxb7 Qxb7
28. Nf3 Be7 29. Rd1 a5 30. Nd4 Qb8 31. Nf3 Red8 32. Rcd2 Qc7 33. Rc2 Nhf8 34.
Rxd8 Rxd8 35. Bf2 Nf4 36. Qe4 Rd1+ 37. Ne1 Nd3 38. Nc3 Nxf2 39. Rxf2 Rc1 40.
Rc2 Rxc2 41. Nxc2 Ng6 42. Qa8+ 0-1

[Event "Collado Villalba 2015 Torneo B"]
[Site "Collado Villalba (ESP)"]
[Date "2015.08.22"]
[Round "1.7"]
[White "Alvarez Escudero, Manuel"]
[Black "Cupeiro Fernandez, Manuel"]
[Result "1-0"]
[WhiteElo "1805"]
[BlackElo "1588"]
[PlyCount "75"]
[EventDate "2015.08.22"]
[EventType "swiss"]
[EventRounds "9"]
[EventCountry "ESP"]
[Source "lmi"]
[SourceDate "2015.08.22"]

1. e4 e5 2. Nf3 d6 3. Bc4 Be7 4. d4 exd4 5. Nxd4 Nf6 6. Nc3 O-O 7. O-O Bd7 8.
h3 Nc6 9. a3 Nxd4 10. Qxd4 c5 11. Qd3 Bc6 12. Nd5 Nxd5 13. exd5 Bd7 14. Qg3 Bf5
15. c3 Kh8 16. Re1 Bh4 17. Qf3 Bg6 18. Bf4 Qd7 19. Bg3 Bf6 20. Bd3 Bxd3 21.
Qxd3 Rae8 22. Re3 Rxe3 23. fxe3 Re8 24. Re1 Be5 25. e4 Bxg3 26. Qxg3 Re5 27.
Qf4 f6 28. b4 b6 29. Kf2 Qa4 30. Qc1 Qb5 31. c4 Qe8 32. bxc5 bxc5 33. Qb1 g6
34. g4 Kg7 35. Kf3 Qd7 36. Re2 Re7 37. Qb5 Kf7 38. Rb2 1-0

[Event "Collado Villalba 2015 Torneo B"]
[Site "Collado Villalba (ESP)"]
[Date "2015.08.22"]
[Round "1.8"]
[White "Martinez Martinez, Antonio"]
[Black "Rodriguez Del Moral, Angel"]
[Result "0-1"]
[WhiteElo "1580"]
[BlackElo "1797"]
[PlyCount "90"]
[EventDate "2015.08.22"]
[EventType "swiss"]
[EventRounds "9"]
[EventCountry "ESP"]
[Source "lmi"]
[SourceDate "2015.08.22"]

1. e4 c5 2. c4 Nc6 3. Nf3 e5 4. Nc3 g6 5. Be2 Bg7 6. d3 d6 7. Bg5 f6 8. Be3
Nge7 9. Qd2 Nd4 10. Bxd4 exd4 11. Nd1 Nc6 12. a3 a5 13. h3 O-O 14. O-O f5 15.
exf5 Bxf5 16. Nh2 Ne5 17. f4 Bh6 18. g4 Qh4 19. Kg2 Bd7 20. Nf3 Bc6 21. g5 Bg7
22. fxe5 Bxe5 23. Qe1 Qxg5+ 24. Kh1 Qf4 25. Qf2 Rf5 26. Kg1 Qh6 27. h4 Raf8 28.
Qg2 Kh8 29. Qh3 g5 30. Nxe5 Rxf1+ 31. Bxf1 dxe5 32. Nf2 gxh4 33. Re1 Rg8+ 34.
Ng4 Qf4 35. Be2 Bd7 36. Rf1 Bxg4 37. Rxf4 Bxh3+ 38. Kh2 exf4 39. Kxh3 Rg3+ 40.
Kxh4 Kg7 41. Bg4 Rxd3 42. Kg5 f3 43. Kf4 f2 44. Be2 Re3 45. Bf1 Kf6 0-1

[Event "Collado Villalba 2015 Torneo B"]
[Site "Collado Villalba (ESP)"]
[Date "2015.08.22"]
[Round "1.9"]
[White "Sanz Toledano, Alfonso"]
[Black "Veuthey Martinez, Eloy"]
[Result "1-0"]
[WhiteElo "1796"]
[BlackElo "1557"]
[PlyCount "157"]
[EventDate "2015.08.22"]
[EventType "swiss"]
[EventRounds "9"]
[EventCountry "ESP"]
[Source "lmi"]
[SourceDate "2015.08.22"]

1. d4 d6 2. Nf3 Nf6 3. Bg5 Nbd7 4. c3 c6 5. Nbd2 Qc7 6. e4 e5 7. Bd3 Be7 8. h3
O-O 9. O-O Re8 10. Bh4 Nf8 11. Bg3 Ng6 12. Nc4 Bf8 13. Qc2 Nh5 14. Bh2 Nhf4 15.
Rfe1 Nxd3 16. Qxd3 Bd7 17. dxe5 dxe5 18. Ncxe5 Nxe5 19. Nxe5 Be6 20. Nf3 Qb6
21. Qc2 Rad8 22. Ng5 Bc4 23. b3 Bd3 24. Qc1 Bc5 25. Bg3 h6 26. Nf3 Bxe4 27. Qf4
Bd6 28. Qh4 Bxg3 29. Qxg3 Bxf3 30. Qxf3 Rxe1+ 31. Rxe1 Rd2 32. Re7 f6 33. Qg3
g5 34. Qb8+ Rd8 35. Qxb7 Rd1+ 36. Kh2 Qxb7 37. Rxb7 Rd2 38. Rxa7 Rxf2 39. Rc7
Rxa2 40. Rxc6 Kf7 41. b4 Rb2 42. Rd6 Rb3 43. Rd3 Ke6 44. Kg3 f5 45. Kf3 h5 46.
Ke3 Rb2 47. g3 Ke5 48. Rd8 Rg2 49. Kf3 Rc2 50. Rc8 Rh2 51. b5 Rb2 52. Rc5+ Ke6
53. g4 hxg4+ 54. hxg4 fxg4+ 55. Kxg4 Rb3 56. Kxg5 Kd6 57. Rc6+ Kd7 58. c4 Rf3
59. Rc5 Kd6 60. Rd5+ Kc7 61. c5 Rb3 62. b6+ Kc6 63. Rf5 Rb1 64. Kf6 Re1 65. Re5
Rf1+ 66. Ke6 Rd1 67. Ke7 Rd2 68. Ke8 Rd1 69. Re2 Rc1 70. Rb2 Kb7 71. Rb5 Kc6
72. b7 Re1+ 73. Kf7 Rf1+ 74. Ke8 Kxb5 75. b8=Q+ Kxc5 76. Qe5+ Kb4 77. Qd4+ Ka5
78. Qc5+ Ka4 79. Qc4+ 1-0

[Event "Collado Villalba 2015 Torneo B"]
[Site "Collado Villalba (ESP)"]
[Date "2015.08.22"]
[Round "1.10"]
[White "Criado Riesgo, Manuel"]
[Black "Herrero Corada, Jose Ignacio"]
[Result "0-1"]
[WhiteElo "1535"]
[BlackElo "1792"]
[PlyCount "93"]
[EventDate "2015.08.22"]
[EventType "swiss"]
[EventRounds "9"]
[EventCountry "ESP"]
[Source "lmi"]
[SourceDate "2015.08.22"]

1. d4 c6 2. c4 d5 3. e3 Bf5 4. Nc3 e6 5. Nf3 Nd7 6. cxd5 exd5 7. Bd3 Bxd3 8.
Qxd3 Ngf6 9. h3 Be7 10. O-O O-O 11. Bd2 Re8 12. Rac1 Rc8 13. Rfe1 Bd6 14. e4
dxe4 15. Nxe4 Nxe4 16. Rxe4 Rxe4 17. Qxe4 Nf6 18. Qf5 Qd7 19. Qxd7 Nxd7 20. Re1
Nf6 21. Bc3 Nd5 22. Ng5 Bf4 23. Nf3 f6 24. Bd2 Bc7 25. a3 Kf7 26. Kf1 Rd8 27.
g3 Bb6 28. Ke2 Nc7 29. Be3 Re8 30. Kd3 Rd8 31. Kc4 Nd5 32. Rd1 Bc7 33. Re1 Re8
34. Kd3 a5 35. Bd2 a4 36. Rxe8 Kxe8 37. Nh4 g6 38. Ng2 Kd7 39. Ne3 Ke6 40. Nxd5
Kxd5 41. Bc3 f5 42. Bd2 Bd8 43. Be3 Bf6 44. f4 c5 45. Bd2 Bxd4 46. Bc3 Bxc3 47.
bxc3 0-1

[Event "Collado Villalba 2015 Torneo B"]
[Site "Collado Villalba (ESP)"]
[Date "2015.08.22"]
[Round "1.11"]
[White "Sancho Castiello, Federico"]
[Black "Fernandez Garcia, Emiliano"]
[Result "1-0"]
[WhiteElo "1790"]
[BlackElo "1534"]
[PlyCount "67"]
[EventDate "2015.08.22"]
[EventType "swiss"]
[EventRounds "9"]
[EventCountry "ESP"]
[Source "lmi"]
[SourceDate "2015.08.22"]

1. e4 c5 2. Nf3 e6 3. d4 cxd4 4. Nxd4 a6 5. Nc3 Qc7 6. a3 Nf6 7. Be3 Be7 8. f3
b5 9. g4 d6 10. Qd2 h6 11. O-O-O Bb7 12. g5 hxg5 13. Bxg5 Nc6 14. Bg2 Rd8 15.
f4 Nxd4 16. Qxd4 e5 17. Qe3 Qc5 18. Qg3 Nh5 19. Qg4 Qe3+ 20. Kb1 Bxg5 21. fxg5
Nf4 22. Qf3 Nxg2 23. Qxg2 Rh4 24. Rd3 Qf4 25. Rf1 Rxh2 26. Qg1 Qh4 27. g6 f6
28. Qb6 Rh1 29. Rxh1 Qxh1+ 30. Rd1 Qg2 31. Qxb7 Qxg6 32. Qxa6 Qf7 33. Qxb5+ Qd7
34. Rxd6 1-0

[Event "Collado Villalba 2015 Torneo B"]
[Site "Collado Villalba (ESP)"]
[Date "2015.08.22"]
[Round "1.12"]
[White "Salgado Duarte, Pablo"]
[Black "Barranco Martinez, Gabriel"]
[Result "0-1"]
[WhiteElo "1533"]
[BlackElo "1784"]
[PlyCount "82"]
[EventDate "2015.08.22"]
[EventType "swiss"]
[EventRounds "9"]
[EventCountry "ESP"]
[Source "lmi"]
[SourceDate "2015.08.22"]

1. d4 g6 2. e4 d6 3. Nf3 Bg7 4. h3 a6 5. Bc4 Nf6 6. Nc3 Nc6 7. O-O O-O 8. Re1
b5 9. Bb3 Bb7 10. Bg5 h6 11. Bf4 e6 12. Qd2 Kh7 13. d5 Na5 14. dxe6 Nxb3 15.
cxb3 fxe6 16. Qd3 b4 17. Nd1 Nd7 18. Qc4 Rxf4 19. Qxb4 Nc5 20. Qc4 Bxe4 21. Nd2
Bxg2 22. Qxf4 Nd3 23. Qe3 Nxe1 24. Qxe1 Bxh3 25. Nf3 Qf6 26. Qe4 Rf8 27. Ne1
Qf4 28. Qxf4 Rxf4 29. Kh2 Bf5 30. Ng2 Rg4 31. Nde3 Be5+ 32. Kh1 Rd4 33. Nxf5
exf5 34. Rc1 c5 35. Re1 f4 36. Nh4 Rd3 37. Kg2 Kg7 38. Re2 Kf6 39. Nf3 g5 40.
Nd2 Kf5 41. Nc4 f3+ 0-1

[Event "Collado Villalba 2015 Torneo B"]
[Site "Collado Villalba (ESP)"]
[Date "2015.08.22"]
[Round "1.13"]
[White "Liceras Ruiz, Manuel"]
[Black "Cortijo Manso, Luis"]
[Result "1-0"]
[WhiteElo "1782"]
[BlackElo "1529"]
[PlyCount "57"]
[EventDate "2015.08.22"]
[EventType "swiss"]
[EventRounds "9"]
[EventCountry "ESP"]
[Source "lmi"]
[SourceDate "2015.08.22"]

1. e4 e6 2. d4 d5 3. Nd2 dxe4 4. Nxe4 Bd7 5. Nf3 Bc6 6. Bd3 Nd7 7. O-O Ngf6 8.
Qe2 Be7 9. Rd1 Bxe4 10. Bxe4 Nxe4 11. Qxe4 c6 12. c4 Nf6 13. Qe2 O-O 14. Bf4
Re8 15. h3 Bd6 16. Be5 Be7 17. Rd3 Qc8 18. Nh2 g6 19. Qf3 Nd7 20. Ng4 Nxe5 21.
dxe5 Rf8 22. Rad1 c5 23. Rd7 Bg5 24. Qxb7 Qxb7 25. Rxb7 h5 26. Nf6+ Kg7 27. Ne4
Bf4 28. Nxc5 h4 29. Nxe6+ 1-0

[Event "Collado Villalba 2015 Torneo B"]
[Site "Collado Villalba (ESP)"]
[Date "2015.08.22"]
[Round "1.14"]
[White "Gonzalez Garcia, Soraya"]
[Black "Tronch Ilzarbe, Carlos Maria"]
[Result "0-1"]
[WhiteElo "1526"]
[BlackElo "1761"]
[PlyCount "94"]
[EventDate "2015.08.22"]
[EventType "swiss"]
[EventRounds "9"]
[EventCountry "ESP"]
[Source "lmi"]
[SourceDate "2015.08.22"]

1. e4 c5 2. d3 e6 3. Nf3 Nc6 4. Nbd2 b5 5. g3 g6 6. Bg2 Bg7 7. O-O Nge7 8. Re1
e5 9. a4 b4 10. b3 O-O 11. Bb2 Rb8 12. Nc4 d6 13. Qd2 Be6 14. h4 Qd7 15. Kh2 f6
16. Rf1 Rf7 17. Ng1 Rbf8 18. Bh3 f5 19. f3 a5 20. Rf2 d5 21. Nb6 Qd8 22. exd5
Qxb6 23. dxe6 Rf6 24. f4 Bh6 25. Re1 Rxe6 26. Qe2 Qc7 27. fxe5 Nd4 28. Bxd4
cxd4 29. Nf3 Nc6 30. g4 Be3 31. Rg2 Nxe5 32. Nxe5 Rxe5 33. Kh1 f4 34. Qf3 Qc3
35. Ree2 Qc7 36. Kh2 Qe7 37. g5 Kg7 38. Kh1 h6 39. gxh6+ Kxh6 40. Rg4 Rh5 41.
Reg2 Rf6 42. Kh2 Kh7 43. Kh1 Rh6 44. Kh2 Qc7 45. Kh1 Rc6 46. Qe2 Rc5 47. Kh2
f3+ 0-1

[Event "Collado Villalba 2015 Torneo B"]
[Site "Collado Villalba (ESP)"]
[Date "2015.08.22"]
[Round "1.15"]
[White "Guerrero Gonzalez, Francisco"]
[Black "Criado Herrero, Luis"]
[Result "1-0"]
[WhiteElo "1753"]
[BlackElo "1501"]
[PlyCount "137"]
[EventDate "2015.08.22"]
[EventType "swiss"]
[EventRounds "9"]
[EventCountry "ESP"]
[Source "lmi"]
[SourceDate "2015.08.22"]

1. d4 Nf6 2. c4 e6 3. Nf3 c6 4. Bg5 d5 5. e3 Be7 6. Nc3 a6 7. c5 Nbd7 8. Bd3 b6
9. b4 a5 10. a3 Ba6 11. Bxa6 Rxa6 12. b5 cxb5 13. c6 Nb8 14. Qd3 Qc8 15. Ne5
O-O 16. Qxb5 Qc7 17. O-O Rd8 18. Rfc1 Ra7 19. Na4 Ra6 20. Nc3 Ne8 21. Bxe7 Qxe7
22. Nd7 Nc7 23. Qd3 Nxc6 24. Nxd5 exd5 25. Rxc6 Qxd7 26. Rxc7 Qxc7 27. Qxa6 Rc8
28. g3 g6 29. Rb1 Rb8 30. Qb5 Qd6 31. a4 Kg7 32. Rc1 Qd8 33. Rc6 Kh6 34. h4 f5
35. Re6 Rb7 36. Qc6 Rb8 37. Rd6 Qc8 38. Qxd5 Qc1+ 39. Kg2 Qc2 40. Qf3 Qe4 41.
Qxe4 fxe4 42. g4 b5 43. axb5 Rxb5 44. Ra6 Rd5 45. Kg3 Rb5 46. Kf4 Rb2 47. Rxa5
Rxf2+ 48. Kxe4 Rg2 49. Kf3 Rh2 50. h5 Rh3+ 51. Kf4 g5+ 52. Ke4 Rg3 53. Ra6+ Kg7
54. Kf5 Rxe3 55. Kxg5 Re4 56. Ra7+ Kg8 57. Rd7 Re8 58. Kf5 Rc8 59. Ke6 Re8+ 60.
Re7 Rb8 61. d5 Rb6+ 62. d6 Rb8 63. h6 Kf8 64. Rxh7 Re8+ 65. Kf6 Kg8 66. Re7
Rf8+ 67. Ke6 Rc8 68. d7 Rc6+ 69. Kd5 1-0

[Event "Collado Villalba 2015 Torneo B"]
[Site "Collado Villalba (ESP)"]
[Date "2015.08.22"]
[Round "1.16"]
[White "Rubio Recio, Fernando"]
[Black "Mkrtchyan, Levon"]
[Result "1-0"]
[WhiteElo "1471"]
[BlackElo "1746"]
[PlyCount "61"]
[EventDate "2015.08.22"]
[EventType "swiss"]
[EventRounds "9"]
[EventCountry "ESP"]
[Source "lmi"]
[SourceDate "2015.08.22"]

1. d4 Nf6 2. Nf3 c5 3. d5 e6 4. c4 b5 5. Bg5 Qa5+ 6. Qd2 Qxd2+ 7. Nbxd2 bxc4 8.
Bxf6 gxf6 9. Ne4 f5 10. Nc3 d6 11. e4 fxe4 12. Nxe4 f5 13. Nc3 e5 14. Bxc4 e4
15. Ng5 h6 16. Ne6 Bxe6 17. dxe6 a6 18. Nd5 Ra7 19. Ne3 f4 20. Nd5 f3 21. Nf6+
Ke7 22. Nxe4 fxg2 23. Rg1 Nc6 24. Rxg2 Nb4 25. Rd1 d5 26. Bxd5 Nxd5 27. Rxd5
Kxe6 28. Rd8 Ke7 29. Rc8 Kd7 30. Rxf8 Rxf8 31. Rg7+ 1-0

[Event "Collado Villalba 2015 Torneo B"]
[Site "Collado Villalba (ESP)"]
[Date "2015.08.22"]
[Round "1.17"]
[White "Borovyev, Svytoslav"]
[Black "Merino Conrado, Ricardo"]
[Result "0-1"]
[WhiteElo "1740"]
[BlackElo "1468"]
[PlyCount "106"]
[EventDate "2015.08.22"]
[EventType "swiss"]
[EventRounds "9"]
[EventCountry "ESP"]
[Source "lmi"]
[SourceDate "2015.08.22"]

1. e4 d6 2. d4 g6 3. Nc3 Bg7 4. Bg5 Nd7 5. Bc4 c6 6. Bb3 Qc7 7. Nge2 Nb6 8. a4
a5 9. Qd2 e6 10. O-O-O Bd7 11. h4 h6 12. Bf4 Ne7 13. f3 f6 14. g4 O-O-O 15. Bg3
h5 16. gxh5 e5 17. Kb1 gxh5 18. f4 Bh6 19. Qe1 Bg4 20. fxe5 dxe5 21. Qf2 Rhf8
22. Qh2 Ng6 23. Rd3 Qh7 24. dxe5 fxe5 25. Rxd8+ Rxd8 26. Qf2 Nd7 27. Rd1 Kb8
28. Rd6 Rf8 29. Qh2 Kc7 30. Rd3 Qe7 31. Rd5 b6 32. Bc4 Rf1+ 33. Rd1 Rxd1+ 34.
Nxd1 Qb4 35. Bf7 Qd2 36. Ndc3 Nf4 37. Nxf4 Bxf4 38. Qxd2 Bxd2 39. Na2 Kd6 40.
Nc1 Bxc1 41. Kxc1 Nc5 42. Bf2 Nxa4 43. Bb3 Nc5 44. Bxc5+ Kxc5 45. c3 b5 46. Kb1
Bf3 47. Bc2 a4 48. Ka2 Kc4 49. Kb1 Be2 50. Kc1 a3 51. Kb1 Bd3 52. Bxd3+ Kxd3
53. bxa3 Kxc3 0-1

[Event "Collado Villalba 2015 Torneo B"]
[Site "Collado Villalba (ESP)"]
[Date "2015.08.22"]
[Round "1.18"]
[White "Lancharro Delgado, Cristina"]
[Black "Calvo De Castro, Miguel"]
[Result "0-1"]
[WhiteElo "1461"]
[BlackElo "1725"]
[PlyCount "68"]
[EventDate "2015.08.22"]
[EventType "swiss"]
[EventRounds "9"]
[EventCountry "ESP"]
[Source "lmi"]
[SourceDate "2015.08.22"]

1. e4 e5 2. Nf3 Nc6 3. Bb5 Nge7 4. O-O g6 5. d4 exd4 6. Nxd4 Bg7 7. Nxc6 bxc6
8. Bd3 O-O 9. Re1 d6 10. c3 f5 11. Qb3+ Kh8 12. Bg5 f4 13. f3 h6 14. Bh4 g5 15.
Bf2 Ng6 16. Nd2 Ne5 17. Be2 Bd7 18. Nc4 Be6 19. Qa4 c5 20. Nxe5 Bxe5 21. Bc4
Bxc4 22. Qxc4 Rb8 23. Rab1 Qd7 24. Red1 Qg7 25. Qe6 Rf6 26. Qg4 Qf7 27. a3 Rg8
28. h4 h5 29. Qh3 g4 30. fxg4 f3 31. g5 Rf4 32. Bg3 f2+ 33. Kf1 Qc4+ 34. Rd3
Qxd3# 0-1

[Event "Collado Villalba 2015 Torneo B"]
[Site "Collado Villalba (ESP)"]
[Date "2015.08.22"]
[Round "1.19"]
[White "De Dompablo Fantova, Juan"]
[Black "Rico Ropero, Oscar"]
[Result "1-0"]
[WhiteElo "1712"]
[BlackElo "1457"]
[PlyCount "53"]
[EventDate "2015.08.22"]
[EventType "swiss"]
[EventRounds "9"]
[EventCountry "ESP"]
[Source "lmi"]
[SourceDate "2015.08.22"]

1. e4 c5 2. Nf3 Nc6 3. Bb5 e6 4. O-O Be7 5. Bxc6 bxc6 6. d4 cxd4 7. Nxd4 c5 8.
Nb5 d6 9. N1c3 Bb7 10. Re1 d5 11. exd5 exd5 12. Bf4 Kf8 13. Nc7 Rc8 14. N7xd5
f6 15. Nxe7 Nxe7 16. Bd6 g5 17. Bxe7+ Qxe7 18. Rxe7 Kxe7 19. Qg4 Rcd8 20. Re1+
Kf7 21. Qh5+ Kf8 22. Nb5 Rd7 23. Qe8+ Kg7 24. Qxd7+ Kh6 25. Qxb7 a5 26. g4 f5
27. Re6# 1-0

[Event "Collado Villalba 2015 Torneo B"]
[Site "Collado Villalba (ESP)"]
[Date "2015.08.22"]
[Round "1.20"]
[White "Penas Merino, Ramona"]
[Black "Andrade Sandoval, Bianca"]
[Result "0-1"]
[WhiteElo "1436"]
[BlackElo "1705"]
[PlyCount "56"]
[EventDate "2015.08.22"]
[EventType "swiss"]
[EventRounds "9"]
[EventCountry "ESP"]
[Source "lmi"]
[SourceDate "2015.08.22"]

1. d4 d5 2. c4 c6 3. e3 e6 4. Nc3 Bd6 5. Nf3 Nf6 6. cxd5 cxd5 7. Bd3 Nc6 8. O-O
O-O 9. a3 a6 10. b4 b5 11. Bb2 Bb7 12. Rc1 Rc8 13. e4 Bf4 14. Rc2 dxe4 15. Bxe4
Nxe4 16. Nxe4 Nxb4 17. Rxc8 Qxc8 18. Nc5 Nd5 19. Re1 Nf6 20. Ne5 Bd5 21. Bc3
Bxe5 22. Rxe5 Qc6 23. f3 Rc8 24. Bb4 Nd7 25. Nxd7 Qxd7 26. Bc5 Rc6 27. Re2 Bc4
28. Rc2 Rxc5 0-1

[Event "Collado Villalba 2015 Torneo B"]
[Site "Collado Villalba (ESP)"]
[Date "2015.08.22"]
[Round "1.21"]
[White "Fernandez Martinez, Jose"]
[Black "Picazo Sancho, Carolina"]
[Result "1-0"]
[WhiteElo "1701"]
[BlackElo "1413"]
[PlyCount "139"]
[EventDate "2015.08.22"]
[EventType "swiss"]
[EventRounds "9"]
[EventCountry "ESP"]
[Source "lmi"]
[SourceDate "2015.08.22"]

1. e4 c5 2. Nf3 e6 3. d4 cxd4 4. Nxd4 Nc6 5. Nc3 a6 6. Be3 Qc7 7. a3 Nf6 8. Be2
Be7 9. O-O O-O 10. f4 d6 11. Bf3 Nxd4 12. Bxd4 Nd7 13. g3 b5 14. Qd2 Bb7 15.
Kg2 Bc6 16. Rac1 Qb7 17. Qe2 b4 18. axb4 Qxb4 19. Rfd1 Qb7 20. Rb1 f5 21. exf5
Bxf3+ 22. Qxf3 Qxf3+ 23. Kxf3 Rxf5 24. Kg2 Raf8 25. Rf1 Bd8 26. Ra1 e5 27. fxe5
Rxf1 28. Rxf1 Rxf1 29. Kxf1 dxe5 30. Be3 Bb6 31. Bxb6 Nxb6 32. b3 Kf7 33. Ke2
Ke6 34. Ke3 Nd5+ 35. Nxd5 Kxd5 36. c4+ Kc5 37. Ke4 Kd6 38. b4 h6 39. g4 Ke6 40.
c5 g6 41. h4 Kf6 42. c6 Ke6 43. c7 Kd7 44. c8=Q+ Kxc8 45. Kxe5 Kd7 46. Kf6 g5
47. h5 Ke8 48. Kg6 Ke7 49. Kxh6 Kf6 50. Kh7 Kf7 51. h6 Kf8 52. Kg6 Kg8 53. Kxg5
Kh7 54. Kh5 Kh8 55. g5 Kh7 56. Kg4 Kg6 57. Kf4 Kh7 58. Ke4 Kh8 59. Kd4 Kg8 60.
Kc5 Kh7 61. Kb6 Kg8 62. Kxa6 Kh8 63. b5 Kh7 64. b6 Kg6 65. b7 Kh7 66. b8=Q Kg6
67. Qe8+ Kxg5 68. h7 Kf5 69. h8=Q Kg5 70. Qef8 1-0